| 000 | 00843nam a2200229 a 4500 | ||
|---|---|---|---|
| 001 | 65081 | ||
| 003 | BD-RjUL | ||
| 005 | 20211209081402.0 | ||
| 008 | 170226s1989 bg ||||| |||| 00| 0 ben d | ||
| 020 | _c: Tk. 40.00 | ||
| 035 | _a(BD-RjUL)65211 | ||
| 040 |
_aBD-RjUL _bben _cBD-RjUL _dBD-RjUL |
||
| 041 | _aben | ||
| 082 |
_223 _a891.4408 _bEKU 1989 |
||
| 245 | 0 | 0 |
_aএকুশের প্রবন্ধ _b১৯৮৯ / _cবাংলা একাডেমী |
| 260 |
_aঢাকা : _bবাংলা একাডেমী, _c১৯৮৯ |
||
| 300 |
_a১৩৮ পৃ. ; _c২১ সেমি. |
||
| 650 |
_aবাংলা সাহিত্য _vসংগৃহীত কাজ _9145415 |
||
| 650 |
_aBengali litterature _vCollective work _9145416 |
||
| 710 |
_aবাংলা একাডেমী _9144620 |
||
| 942 |
_2ddc _cBK |
||
| 999 |
_c65081 _d65081 |
||